Thetford, Disraeli and eastern half of Warwick map-areas, Quebec, (Record no. 27483)

MARC details
000 -LEADER
fixed length control field 01265cam a22002891 4500
001 - CONTROL NUMBER
control field gs 38000248
003 - CONTROL NUMBER IDENTIFIER
control field DLC
005 - DATE AND TIME OF LATEST TRANSACTION
control field 20260227111343.0
008 - FIXED-LENGTH DATA ELEMENTS--GENERAL INFORMATION
fixed length control field 720313s1937 oncabe b 000 0 eng
010 ## - LIBRARY OF CONGRESS CONTROL NUMBER
LC control number gs 38000248
035 ## - SYSTEM CONTROL NUMBER
System control number (OCoLC)261963
040 ## - CATALOGING SOURCE
Original cataloging agency DLC
Transcribing agency OAkU
Modifying agency NSbSU
-- DLC
050 00 - LIBRARY OF CONGRESS CALL NUMBER
Classification number QE185
Item number .A2 no. 211
051 ## - LIBRARY OF CONGRESS COPY, ISSUE, OFFPRINT STATEMENT
Classification number QE193
Item number .C66
100 1# - MAIN ENTRY--PERSONAL NAME
Personal name Cooke, Harold Caswell,
Dates associated with a name 1884-
245 10 - TITLE STATEMENT
Title Thetford, Disraeli and eastern half of Warwick map-areas, Quebec,
Statement of responsibility, etc. by H.C. Cooke, with chapters on the Beauceville, St. Francis and Lake Aymer series, by T.H. Clark.
260 ## - PUBLICATION, DISTRIBUTION, ETC.
Place of publication, distribution, etc. Ottawa,
Name of publisher, distributor, etc. J.O. Patenaude, printer to the King,
Date of publication, distribution, etc. 1937.
300 ## - PHYSICAL DESCRIPTION
Extent vi, 160 p.
Other physical details incl. illus., plans, tables. 3 fold. maps (in pocket) fold. diagr. (in pocket)
490 1# - SERIES STATEMENT
Series statement Geological Survey of Canada. Memoir
Volume/sequential designation 211
500 ## - GENERAL NOTE
General note At head of title: Canada. Department of mines and resources. Mines and gology branch. Bureau of geology and topography. Geological Survey.
500 ## - GENERAL NOTE
General note In lower right corner of t.-p.: no.2440.
504 ## - BIBLIOGRAPHY, ETC. NOTE
Bibliography, etc. note Bibliography: p. 3-7.
650 #0 - SUBJECT ADDED ENTRY--TOPICAL TERM
Topical term or geographic name entry element Geology
Geographic subdivision Québec (Province)
650 #0 - SUBJECT ADDED ENTRY--TOPICAL TERM
Topical term or geographic name entry element Mines and mineral resources
Geographic subdivision Québec (Province)
700 1# - ADDED ENTRY--PERSONAL NAME
Personal name Clark, Thomas Henry,
Dates associated with a name 1893-
830 #0 - SERIES ADDED ENTRY--UNIFORM TITLE
Uniform title Memoir (Geological Survey of Canada) ;
Volume/sequential designation 211

No items available.

Powered by Koha